| 000 | 00566nam a22002057a 4500 | ||
|---|---|---|---|
| 001 | 00028966 | ||
| 005 | 20260430155056.0 | ||
| 008 | 260430b ag ||||| |||| 00| 0 spa d | ||
| 020 | _a9500608375 | ||
| 040 |
_bspa _cAR-CcCEOS |
||
| 080 | _a615 | ||
| 090 | _bGOO | ||
| 100 | 1 |
_aGilman, Alfred Goodman, _d1941-2015 _91158 |
|
| 245 |
_aLas bases farmacológicas de la terapéutica / _cAlfred Goodman Gilman |
||
| 250 | _a6ª ed. | ||
| 260 |
_aBuenos Aires : _bPanamericana, _cc1982. |
||
| 300 |
_a1756 p. ; _c26x18 cm. |
||
| 650 | 0 | _aMEDICINA | |
| 942 |
_2udc _cBK |
||
| 999 |
_c29019 _d29019 |
||
| 945 |
_a66467 _bMelina Rolando _c66467 _dMelina Rolando |
||